[Event "Druga liga - Vojvodina 2011"]
[Site "Vrbas"]
[Date "2011.09.30"]
[Round "8"]
[White "Petakov, Uros"]
[Black "Indjic, Aleksandar"]
[Result "1/2-1/2"]
[WhiteElo "2352"]
[BlackElo "2391"]
[PlyCount "28"]
[EventDate "2011.??.??"]
[Source "Perpetual Check"]

1. d4 Nf6 2. Nf3 d6 3. g3 c5 4. d5 e6 5. dxe6 fxe6 6. Bg2 Nc6 7. O-O Be7 8. c4
O-O 9. Nc3 Kh8 10. Ng5 Ne8 11. h4 h6 12. Nge4 Nc7 13. Bf4 Nd4 14. Qd2 e5
1/2-1/2

[Event "Druga liga - Vojvodina 2011"]
[Site "Vrbas"]
[Date "2011.09.30"]
[Round "8"]
[White "Cerovic, Danilo"]
[Black "Miljkovic, Bojan"]
[Result "1/2-1/2"]
[WhiteElo "2305"]
[BlackElo "2207"]
[PlyCount "49"]
[EventDate "2011.??.??"]
[Source "Perpetual Check"]

1. e4 d6 2. d4 Nf6 3. Nc3 e5 4. Nf3 Nbd7 5. Bc4 Be7 6. O-O O-O 7. Re1 a6 8. a4
b6 9. Ne2 exd4 10. Nfxd4 Bb7 11. Ng3 Ne5 12. Bb3 Re8 13. Ndf5 Bf8 14. Bg5 Ned7
15. Qd4 h6 16. Bf4 Nc5 17. Bd5 Ne6 18. Qd2 Bxd5 19. exd5 Nxf4 20. Qxf4 Nxd5 21.
Qf3 Nf6 22. Rxe8 Nxe8 23. Re1 Nf6 24. c4 Rb8 25. Nd4 1/2-1/2

[Event "Druga liga - Vojvodina 2011"]
[Site "Vrbas"]
[Date "2011.09.30"]
[Round "8"]
[White "Stanojevic, Branko"]
[Black "Elez, Nikola"]
[Result "1/2-1/2"]
[WhiteElo "2282"]
[BlackElo "2155"]
[PlyCount "110"]
[EventDate "2011.??.??"]
[Source "Perpetual Check"]

1. d4 d6 2. c4 e5 3. Nf3 e4 4. Ng5 f5 5. Nc3 Be7 6. Nh3 Nf6 7. Bg5 Be6 8. Nf4
Bf7 9. e3 c6 10. Be2 O-O 11. h4 Na6 12. a3 Nc7 13. Rc1 h6 14. Bxf6 Bxf6 15. g3
Ne6 16. Bh5 Nxf4 17. Bxf7+ Rxf7 18. gxf4 Bxh4 19. Qh5 Be7 20. Ne2 Qa5+ 21. Kf1
Rf6 22. Ng3 Bf8 23. Nxe4 Re6 24. Nc3 g6 25. Qd1 Rd8 26. Rg1 Kh7 27. Qb3 Rd7 28.
Rd1 Re8 29. Ne2 Bg7 30. Ng3 d5 31. c5 b5 32. cxb6 axb6 33. Qc2 Rd6 34. Rc1 c5
35. dxc5 bxc5 36. Qxc5 Qxc5 37. Rxc5 Bxb2 38. Rc7+ Kh8 39. Rc2 Bxa3 40. Ne2 Rb6
41. Kg2 Rb2 42. Rgc1 Rxc2 43. Rxc2 Rd8 44. Nd4 Rd7 45. Rc6 Kg7 46. Rc7 Re7 47.
Nb5 Rxc7 48. Nxc7 Bb2 49. Nxd5 Kf7 50. Nb4 Ke6 51. Kf3 Bf6 52. Nd3 Bc3 53. Nc1
Bf6 54. Ne2 Bb2 55. Ng3 Bc1 1/2-1/2

[Event "Druga liga - Vojvodina 2011"]
[Site "Vrbas"]
[Date "2011.09.30"]
[Round "8"]
[White "Zobenica, Ivan"]
[Black "Kovacevic, Dragan"]
[Result "1-0"]
[WhiteElo "2034"]
[BlackElo "2236"]
[PlyCount "139"]
[EventDate "2011.??.??"]
[Source "Perpetual Check"]

1. e4 e5 2. Nf3 Nf6 3. Nxe5 d6 4. Nf3 Nxe4 5. d4 Be7 6. Bd3 Nf6 7. O-O O-O 8.
h3 Re8 9. c3 Nbd7 10. Nbd2 Bf8 11. Re1 Rxe1+ 12. Qxe1 Qe8 13. Ne4 Nxe4 14. Qxe4
Qxe4 15. Bxe4 Nf6 16. Bd3 h6 17. Nd2 Be6 18. Nc4 Re8 19. Bd2 Bc8 20. Re1 Rxe1+
21. Bxe1 Be7 22. Ne3 g6 23. Bd2 Kg7 24. Kf1 Be6 25. b3 d5 26. Ke2 c6 27. Kf3
Nh7 28. Ng4 Bg5 29. Be1 h5 30. Ne3 Bf6 31. Nd1 b5 32. Ke3 Bh4 33. Ke2 Be7 34.
Bd2 Bd6 35. Bc2 Nf6 36. Be1 Ne8 37. Nb2 Kf6 38. Nd3 Bf5 39. f3 Bc8 40. g4 Ng7
41. Bd2 g5 42. Ne5 c5 43. Bxg5+ Ke6 44. Bh6 hxg4 45. hxg4 cxd4 46. cxd4 f6 47.
Bxg7 fxe5 48. Bf5+ Kf7 49. Bxe5 Bxf5 50. gxf5 Bb4 51. Kd3 a6 52. a4 Be1 53. Ke3
Bb4 54. Kf4 Bd2+ 55. Kg4 Bh6 56. axb5 axb5 57. Bf4 Bg7 58. Be5 Bh6 59. Bd6 Be3
60. Bc5 Kf6 61. Bb6 Kf7 62. f4 Kf6 63. Bc7 Bxd4 64. Be5+ Bxe5 65. fxe5+ Kxe5
66. Kg5 d4 67. f6 d3 68. f7 Kd4 69. f8=Q Kc3 70. Qc5+ 1-0

[Event "Druga liga - Vojvodina 2011"]
[Site "Vrbas"]
[Date "2011.09.30"]
[Round "8"]
[White "Skoko, Milan"]
[Black "Gavric, Zivojin"]
[Result "0-1"]
[WhiteElo "2218"]
[BlackElo "2099"]
[PlyCount "120"]
[EventDate "2011.??.??"]
[Source "Perpetual Check"]

1. e4 c6 2. Nc3 d5 3. Nf3 dxe4 4. Nxe4 Bg4 5. h3 Bxf3 6. Qxf3 e6 7. c3 Nd7 8.
d4 Ngf6 9. Bc4 Nxe4 10. Qxe4 Nf6 11. Qe2 Qc7 12. Bb3 Bd6 13. g3 O-O-O 14. Be3
Rhe8 15. O-O-O Nd5 16. Bd2 Nf6 17. Qf3 c5 18. dxc5 Bxc5 19. Be3 Bxe3+ 20. Qxe3
Qa5 21. Kb1 Rxd1+ 22. Rxd1 Rd8 23. Rxd8+ Kxd8 24. a4 a6 25. g4 h6 26. Qd4+ Ke7
27. f4 Qc7 28. Qb4+ Kd8 29. g5 hxg5 30. fxg5 Ne8 31. g6 Qd7 32. gxf7 Qxf7 33.
Qb6+ Nc7 34. Ka2 Qf5 35. Qd4+ Kc8 36. h4 g6 37. Bc4 e5 38. Qc5 Qf6 39. b3 Qxh4
40. Qxe5 Qf2+ 41. Ka3 Qf8+ 42. b4 Qd8 43. b5 axb5 44. axb5 b6 45. Kb3 Qd1+ 46.
Kb4 Qb1+ 47. Ka3 Qa1+ 48. Ba2 Qc1+ 49. Kb4 Qb2+ 50. Bb3 Qb1 51. Qd6 g5 52. Qf8+
Kb7 53. Qf3+ Kc8 54. Qc6 Kb8 55. c4 Qe1+ 56. Ka3 Qa1+ 57. Ba2 Qc3+ 58. Ka4 Qb2
59. Bb3 Qa1+ 60. Kb4 Qa5# 0-1

[Event "Druga liga - Vojvodina 2011"]
[Site "Vrbas"]
[Date "2011.09.30"]
[Round "8"]
[White "Cecaric, Milan"]
[Black "Kovacevic, Djordje"]
[Result "0-1"]
[WhiteElo "1942"]
[BlackElo "2087"]
[PlyCount "72"]
[EventDate "2011.??.??"]
[Source "Perpetual Check"]

1. e4 Nf6 2. Nc3 d5 3. exd5 Nxd5 4. Bc4 Be6 5. Bxd5 Bxd5 6. Nxd5 Qxd5 7. Qf3 c6
8. Qxd5 cxd5 9. d4 Nc6 10. c3 b5 11. a3 a5 12. Nf3 e6 13. Bf4 f6 14. O-O Kd7
15. Rfc1 Bd6 16. Be3 b4 17. cxb4 axb4 18. a4 Na5 19. Nd2 b3 20. Rc3 Bb4 21. Rd3
Nc4 22. Nxc4 dxc4 23. Rdd1 Kc6 24. Kf1 Ra5 25. Rac1 Kd5 26. Bd2 Bxd2 27. Rxd2
Rxa4 28. Rc3 Ra1+ 29. Ke2 Rha8 30. Rh3 R8a2 31. Rh5+ f5 32. Rh3 Rb1 33. Re3
Rbxb2 34. Re5+ Kd6 35. Rxb2 Rxb2+ 36. Ke3 Rc2 0-1

[Event "Druga liga - Vojvodina 2011"]
[Site "Vrbas"]
[Date "2011.09.30"]
[Round "8"]
[White "Luketa, Milan"]
[Black "Sertic, Rudolf"]
[Result "0-1"]
[WhiteElo "2121"]
[BlackElo "2430"]
[PlyCount "120"]
[EventDate "2011.??.??"]
[Source "Perpetual Check"]

1. e4 c5 2. Nf3 e6 3. d4 cxd4 4. Nxd4 a6 5. Bd3 Nf6 6. O-O Qc7 7. Nc3 Bc5 8.
Nf3 d6 9. Qe2 Nbd7 10. Bf4 Ne5 11. Nxe5 dxe5 12. Bg5 Nd7 13. Qg4 Nf8 14. h4 h5
15. Qg3 Ng6 16. Ne2 Bd7 17. c3 a5 18. Rfc1 Bc6 19. b4 axb4 20. cxb4 Bxb4 21.
Nd4 O-O 22. Nxc6 bxc6 23. a4 Be7 24. Bb5 c5 25. Qf3 Nxh4 26. Qxh5 Bxg5 27. Qxg5
Ng6 28. g3 Rfd8 29. Rc2 Qb6 30. Rac1 Rac8 31. Rc4 Rd4 32. f3 Rcd8 33. Qe3 Rxc4
34. Rxc4 Rd4 35. Qc3 Rd1+ 36. Kf2 Qd8 37. Rxc5 Qg5 38. Qe3 Qh5 39. Ke2 Qh1 40.
Qf2 Ra1 41. Kd3 Qd1+ 42. Kc4 Rc1+ 43. Kb4 Qd6 44. Qe3 Rc2 45. Bd3 Rxc5 46. Qxc5
Qxd3 47. Qc3 Qa6 48. a5 Ne7 49. Qc5 Nc6+ 50. Ka4 Kh7 51. Qb6 Qc4+ 52. Ka3 Qc3+
53. Ka4 Qa1+ 54. Kb5 Nd4+ 55. Kc5 Qa3+ 56. Kc4 Qa4+ 57. Kc3 Nb5+ 58. Kb2 Qb4+
59. Kc2 Qc3+ 60. Kb1 Nd4 0-1

[Event "Druga liga - Vojvodina 2011"]
[Site "Vrbas"]
[Date "2011.09.30"]
[Round "8"]
[White "Vujadinovic, Goran"]
[Black "Kracunov, Bozidar"]
[Result "1-0"]
[WhiteElo "2370"]
[BlackElo "2078"]
[PlyCount "95"]
[EventDate "2011.??.??"]
[Source "Perpetual Check"]

1. g3 d5 2. Nf3 c5 3. Bg2 Nc6 4. O-O e5 5. d3 f5 6. c4 d4 7. e3 Be7 8. exd4
exd4 9. Re1 Nf6 10. Ng5 O-O 11. Ne6 Bxe6 12. Rxe6 Qd7 13. Re1 Bd6 14. Nd2 Ne5
15. Nf3 Nxf3+ 16. Qxf3 Rab8 17. Bd2 h6 18. Re2 Rfe8 19. Rae1 Rxe2 20. Rxe2 b6
21. Bh3 Qb7 22. Qxf5 Qf7 23. Re6 Be7 24. Qe5 Re8 25. Qe2 Bd6 26. Rxe8+ Qxe8 27.
Qxe8+ Nxe8 28. f4 Kf7 29. Kf2 Nf6 30. Kf3 h5 31. Bc8 a5 32. h3 Bc7 33. g4 hxg4+
34. hxg4 Ng8 35. f5 Ne7 36. Be6+ Ke8 37. g5 Nc6 38. Ke4 Ke7 39. Bd5 Nd8 40. Be1
Nf7 41. Bxf7 Kxf7 42. g6+ Ke8 43. Bh4 Bd6 44. Kd5 Kd7 45. Bd8 Kxd8 46. Kxd6 Ke8
47. Kc6 Ke7 48. Kxb6 1-0

[Event "Druga liga - Vojvodina 2011"]
[Site "Vrbas"]
[Date "2011.09.30"]
[Round "8"]
[White "Mastrapovic, Vladimir"]
[Black "Farkas, Miso"]
[Result "1-0"]
[WhiteElo "2260"]
[BlackElo "2132"]
[PlyCount "69"]
[EventDate "2011.??.??"]
[Source "Perpetual Check"]

1. e4 c6 2. d4 b5 3. Nf3 g6 4. Bd3 Bg7 5. O-O Nf6 6. e5 Nd5 7. a4 b4 8. c4 bxc3
9. Nxc3 Ba6 10. Nxd5 cxd5 11. b4 Bxd3 12. Qxd3 O-O 13. Ba3 Nc6 14. Rab1 f6 15.
Rfe1 Re8 16. h4 e6 17. h5 g5 18. b5 Na5 19. Bc1 Nc4 20. exf6 Bxf6 21. Ne5 Rc8
22. Qg3 h6 23. f4 Nd6 24. fxg5 hxg5 25. Nf3 Nf5 26. Qg4 Nh6 27. Qg3 Nf5 28. Qf2
Rc4 29. Ne5 Rxd4 30. Bb2 Rxa4 31. h6 Re7 32. Nc6 Bxb2 33. Nxe7+ Qxe7 34. Rxb2
Kh7 35. Qxf5+ 1-0

[Event "Druga liga - Vojvodina 2011"]
[Site "Vrbas"]
[Date "2011.09.30"]
[Round "8"]
[White "Bogic, Stevan"]
[Black "Erski, Dragan"]
[Result "1/2-1/2"]
[WhiteElo "2202"]
[BlackElo "2167"]
[PlyCount "101"]
[EventDate "2011.??.??"]
[Source "Perpetual Check"]

1. d4 Nf6 2. c4 c5 3. d5 e5 4. Nc3 d6 5. e4 Be7 6. g3 Nbd7 7. Bg2 O-O 8. Nge2
Ne8 9. O-O g6 10. a3 Ng7 11. Rb1 f5 12. exf5 gxf5 13. f4 Bf6 14. Kh1 e4 15. Be3
Nb6 16. b3 Bd7 17. Qd2 h5 18. Rfc1 Be8 19. Nd1 Nd7 20. b4 b6 21. bxc5 dxc5 22.
Nec3 Bf7 23. Nf2 Ne8 24. Bf1 Nd6 25. Nb5 Qe7 26. Nxd6 Qxd6 27. Be2 Kg7 28. h3
Rh8 29. Rg1 Rag8 30. Rg2 Kf8 31. a4 a5 32. Nd1 Be8 33. Nc3 Nb8 34. Nb5 Bxb5 35.
cxb5 Rh7 36. Qd1 Rgh8 37. Kg1 Nd7 38. Bc4 Ke7 39. Kf2 Nf8 40. Qd2 Ng6 41. Rbg1
Kd7 42. Ke2 Qe7 43. Rd1 Kd6 44. Kf1 Rc8 45. Qc2 Qg7 46. Qd2 Qe7 47. Qc2 Qg7 48.
Qd2 Bc3 49. Qf2 Bf6 50. Qd2 Qe7 51. Qc2 1/2-1/2

[Event "Druga liga - Vojvodina 2011"]
[Site "Vrbas"]
[Date "2011.09.30"]
[Round "8"]
[White "Vuckov, Branislav"]
[Black "Roganovic, Milos"]
[Result "0-1"]
[WhiteElo "1951"]
[BlackElo "2480"]
[PlyCount "34"]
[EventDate "2011.??.??"]
[Source "Perpetual Check"]

1. e4 c5 2. Nf3 Nc6 3. Nc3 g6 4. b3 Bg7 5. Bb2 Nf6 6. Nd5 O-O 7. Nxf6+ exf6 8.
Be2 Re8 9. d3 f5 10. Bxg7 fxe4 11. dxe4 Kxg7 12. Nd2 d5 13. exd5 Nd4 14. Nf3
Nxe2 15. Qxe2 Rxe2+ 16. Kxe2 Qxd5 17. Rhd1 Qe4+ 0-1

[Event "Druga liga - Vojvodina 2011"]
[Site "Vrbas"]
[Date "2011.09.30"]
[Round "8"]
[White "Sipos, Istvan"]
[Black "Rajic, Dobrivoje"]
[Result "1-0"]
[WhiteElo "2452"]
[BlackElo "2120"]
[PlyCount "45"]
[EventDate "2011.??.??"]
[Source "Perpetual Check"]

1. e4 e5 2. Nf3 Nc6 3. d4 exd4 4. Nxd4 Qh4 5. Nc3 Bb4 6. Be2 d6 7. O-O Nge7 8.
Nxc6 bxc6 9. f4 Qf6 10. Qd3 O-O 11. Be3 Bxc3 12. bxc3 c5 13. g4 g6 14. f5 gxf5
15. exf5 Bb7 16. Qd2 Qe5 17. Bh6 Rfe8 18. Rae1 Be4 19. Bf3 d5 20. Bxe4 dxe4 21.
Qg5+ Kh8 22. Rxe4 Qxc3 23. Rfe1 1-0

[Event "Druga liga - Vojvodina 2011"]
[Site "Vrbas"]
[Date "2011.09.30"]
[Round "8"]
[White "Nadj, Vladimir"]
[Black "Dekic, Josip"]
[Result "1/2-1/2"]
[WhiteElo "2156"]
[BlackElo "2306"]
[PlyCount "74"]
[EventDate "2011.??.??"]
[Source "Perpetual Check"]

1. e4 d6 2. d4 Nf6 3. Nc3 Nbd7 4. f4 e5 5. Nf3 exd4 6. Nxd4 Nc5 7. Bd3 g6 8.
O-O Bg7 9. f5 Nxd3 10. cxd3 c6 11. Be3 O-O 12. Qf3 Nd7 13. Rad1 d5 14. exd5 c5
15. Nde2 Ne5 16. Qg3 Bxf5 17. Bxc5 Re8 18. h3 h5 19. Nd4 h4 20. Qf4 Nxd3 21.
Rxd3 Bxd3 22. Qxf7+ Kh8 23. Rd1 Bf5 24. Ne6 Bxe6 25. dxe6 Qg5 26. Rd5 Qf6 27.
Qxb7 Qxe6 28. Bf2 Reb8 29. Qc7 Rxb2 30. Rd4 Rc8 31. Rd8+ Rxd8 32. Qxd8+ Kh7 33.
Qxh4+ Kg8 34. Qd8+ Kh7 35. Qh4+ Kg8 36. Qd8+ Kh7 37. Qh4+ Kg8 1/2-1/2

[Event "Druga liga - Vojvodina 2011"]
[Site "Vrbas"]
[Date "2011.09.30"]
[Round "8"]
[White "Roganovic, Nebojsa"]
[Black "Zolotic, Zoran"]
[Result "0-1"]
[WhiteElo "2194"]
[BlackElo "2238"]
[PlyCount "70"]
[EventDate "2011.??.??"]
[Source "Perpetual Check"]

1. e4 g6 2. d4 Bg7 3. Nc3 d6 4. Nf3 Nf6 5. h3 O-O 6. Be3 c6 7. Be2 Qc7 8. a4
Nbd7 9. O-O Re8 10. Qd2 b6 11. Rfe1 Bb7 12. Bd3 a6 13. e5 dxe5 14. dxe5 Nd5 15.
Nxd5 cxd5 16. Bf4 e6 17. h4 Nc5 18. Bh6 Bh8 19. h5 Ne4 20. Qf4 Rac8 21. hxg6
fxg6 22. Qh2 Re7 23. Bf4 Rf8 24. Rac1 Rf5 25. g4 Rf8 26. Bxe4 dxe4 27. Ng5 Rxf4
28. Qxf4 Bxe5 29. Qe3 Bf4 30. Qd4 Bxg5 31. Rcd1 Rf7 32. Qd6 Qxc2 33. Rf1 e3 34.
Qb8+ Rf8 35. Qxb7 e2 0-1

[Event "Druga liga - Vojvodina 2011"]
[Site "Vrbas"]
[Date "2011.09.30"]
[Round "8"]
[White "Galyas, Miklos"]
[Black "Radlovacki, Jovan"]
[Result "0-1"]
[WhiteElo "2458"]
[BlackElo "2432"]
[PlyCount "126"]
[EventDate "2011.??.??"]
[Source "Perpetual Check"]

1. d4 Nf6 2. c4 e6 3. Nc3 Bb4 4. f3 d5 5. a3 Be7 6. e4 dxe4 7. fxe4 e5 8. d5
Bc5 9. Nf3 Bg4 10. h3 Bxf3 11. Qxf3 Bd4 12. Ne2 Qe7 13. Bg5 Nbd7 14. O-O-O h6
15. Bh4 a5 16. Nxd4 exd4 17. Rxd4 O-O 18. Be2 Rfe8 19. Bd1 Qe5 20. Bf2 Nxe4 21.
Re1 Qg5+ 22. Be3 Qe5 23. Bc2 Nd6 24. Qf2 b6 25. Rf4 g5 26. Bd2 Qg7 27. Bc3
Rxe1+ 28. Qxe1 Qf8 29. Re4 Re8 30. Rxe8 Qxe8 31. Qxe8+ Nxe8 32. Ba4 Nef6 33.
Bc6 Kf8 34. c5 Ke7 35. d6+ cxd6 36. cxb6 Nxb6 37. Bxa5 Nc4 38. Bc3 Ne5 39. Bb5
Nd5 40. Bd2 f5 41. a4 Kd8 42. b4 Kc7 43. Kb2 Nc6 44. Ka3 f4 45. Bd3 Ne3 46. Ka2
Ne5 47. Ba6 Nxg2 48. a5 Ne3 49. b5 N3c4 50. b6+ Nxb6 51. axb6+ Kxb6 52. Bf1 Kc5
53. Kb3 Kd4 54. Kc2 Ke4 55. Kd1 h5 56. Bb5 g4 57. hxg4 hxg4 58. Ba6 d5 59. Be1
Nf3 60. Ke2 Nxe1 61. Kxe1 Ke3 62. Kf1 f3 63. Kg1 g3 0-1

[Event "Druga liga - Vojvodina 2011"]
[Site "Vrbas"]
[Date "2011.09.30"]
[Round "8"]
[White "Popovic, Milos T"]
[Black "Vlahovic, Bogdan"]
[Result "1-0"]
[WhiteElo "2390"]
[BlackElo "2356"]
[PlyCount "71"]
[EventDate "2011.??.??"]
[Source "Perpetual Check"]

1. d4 e6 2. Nf3 b6 3. e4 Bb7 4. Bd3 d5 5. e5 Qd7 6. O-O Ba6 7. Bxa6 Nxa6 8. Qe2
Nb8 9. c4 Ne7 10. Nc3 dxc4 11. Qxc4 Nd5 12. Nxd5 exd5 13. Qc2 Be7 14. Bg5 O-O
15. Rac1 c6 16. h4 f6 17. Bf4 Rc8 18. Rfe1 Na6 19. Qe2 Nc7 20. exf6 Bxf6 21.
Ne5 Bxe5 22. Bxe5 Ne8 23. Rc3 c5 24. Rg3 Qf5 25. Rg5 Qf7 26. h5 Rc6 27. Qd3
Rac8 28. Re3 h6 29. Rf5 Nf6 30. Rg3 cxd4 31. Rg6 Kf8 32. Qxd4 Rc1+ 33. Kh2 R8c4
34. Bxf6 Qxg6 35. Bxg7+ Ke8 36. hxg6 1-0

[Event "Druga liga - Vojvodina 2011"]
[Site "Vrbas"]
[Date "2011.09.30"]
[Round "8"]
[White "Sekulic, Dusan"]
[Black "Marinovic, Bozidar"]
[Result "1-0"]
[WhiteElo "2302"]
[BlackElo "2405"]
[PlyCount "85"]
[EventDate "2011.??.??"]
[Source "Perpetual Check"]

1. d4 d6 2. Nf3 Bg4 3. g3 Bxf3 4. exf3 d5 5. c4 c6 6. Nc3 e6 7. Qb3 Qd7 8. Bf4
Ne7 9. c5 Ng6 10. Be3 Qc8 11. h4 h5 12. Bh3 Nd7 13. O-O Ne7 14. Rfe1 Nf6 15.
Bg5 Nh7 16. Bf4 Ng6 17. Bd2 Be7 18. Qc2 Ngf8 19. f4 g6 20. b4 Nf6 21. a4 Ng4
22. f5 exf5 23. f3 Nh6 24. Ne2 Ne6 25. Nf4 Ng8 26. Rxe6 fxe6 27. Nxg6 Rh7 28.
Kh2 Bf6 29. Re1 Re7 30. Nxe7 Nxe7 31. Bg5 Kf7 32. f4 Qd7 33. Qe2 Ng6 34. Bxf6
Kxf6 35. Qxh5 Rh8 36. Qg5+ Kf7 37. h5 Nf8 38. h6 Rg8 39. Qh5+ Kf6 40. g4 Qf7
41. Qh4+ Kg6 42. gxf5+ exf5 43. h7 1-0

[Event "Druga liga - Vojvodina 2011"]
[Site "Vrbas"]
[Date "2011.09.30"]
[Round "8"]
[White "Miranovic, Rajko"]
[Black "Mijatovic, Dejan"]
[Result "1-0"]
[WhiteElo "2376"]
[BlackElo "2276"]
[PlyCount "71"]
[EventDate "2011.??.??"]
[Source "Perpetual Check"]

1. e4 c5 2. Nf3 d6 3. d4 cxd4 4. Nxd4 Nf6 5. Nc3 a6 6. Be2 e6 7. O-O Be7 8. a4
O-O 9. f4 Qc7 10. Kh1 Nc6 11. Be3 Nxd4 12. Qxd4 e5 13. Qd3 exf4 14. Bxf4 Be6
15. Qg3 Rad8 16. Bh6 Ne8 17. Bd3 Qc5 18. Be3 Qh5 19. Ne2 Bh4 20. Qf4 Bf6 21.
Qf2 Be5 22. Nf4 Qh6 23. Qg1 g5 24. Nxe6 fxe6 25. Bd4 Rxf1 26. Rxf1 Bxd4 27.
Qxd4 Qg7 28. Qb6 Rd7 29. Bc4 Qe7 30. Qd4 Rc7 31. h3 Rc5 32. Bb3 Re5 33. Rf5
Rxf5 34. exf5 Nc7 35. fxe6 Nxe6 36. Qe4 1-0

[Event "Druga liga - Vojvodina 2011"]
[Site "Vrbas"]
[Date "2011.09.30"]
[Round "8"]
[White "Lalic, Dragan"]
[Black "Rogac, Srdjan"]
[Result "1/2-1/2"]
[WhiteElo "2308"]
[BlackElo "2299"]
[PlyCount "109"]
[EventDate "2011.??.??"]
[Source "Perpetual Check"]

1. Nf3 Nf6 2. c4 c5 3. g3 g6 4. b3 Bg7 5. Bb2 Nc6 6. Bg2 d6 7. O-O O-O 8. e3
Bf5 9. d4 Nb4 10. Ne1 cxd4 11. Qxd4 Nc6 12. Qd2 Qd7 13. Nc3 Bh3 14. Nd5 Bxg2
15. Nxf6+ Bxf6 16. Nxg2 Bxb2 17. Qxb2 Ne5 18. f4 Ng4 19. Qe2 Nf6 20. e4 Qg4 21.
Qxg4 Nxg4 22. Rad1 Rfd8 23. Rfe1 e6 24. h3 Nf6 25. Kf2 Rac8 26. Kf3 Kf8 27. Ne3
Ke7 28. g4 h6 29. Re2 g5 30. Red2 gxf4 31. Kxf4 Rc5 32. Nf1 b5 33. cxb5 Rxb5
34. Ne3 Rb4 35. Nc4 d5 36. exd5 Rxd5 37. Kf3 Rb7 38. Ne3 Rxd2 39. Rxd2 Rc7 40.
Rc2 Rxc2 41. Nxc2 Nd5 42. Nd4 Kd6 43. a3 Nc3 44. h4 f6 45. Nc2 Kc5 46. Nb4 Nb1
47. Nd3+ Kd6 48. Ke4 Nd2+ 49. Kd4 Nxb3+ 50. Kc4 Nd2+ 51. Kb5 Nf3 52. h5 Ne5 53.
Nf2 f5 54. gxf5 exf5 55. a4 1/2-1/2

[Event "Druga liga - Vojvodina 2011"]
[Site "Vrbas"]
[Date "2011.09.30"]
[Round "8"]
[White "Jovic, Stevan"]
[Black "Sevo, Dusan"]
[Result "1-0"]
[WhiteElo "2292"]
[BlackElo "2268"]
[PlyCount "53"]
[EventDate "2011.??.??"]
[Source "Perpetual Check"]

1. d4 g6 2. c4 Bg7 3. Nc3 d6 4. e4 c5 5. d5 Bxc3+ 6. bxc3 Qa5 7. Qc2 Nd7 8. f4
f6 9. Nf3 Nh6 10. Bd3 Nf7 11. Rb1 Nb6 12. O-O Qa4 13. Rb3 Nxc4 14. Qe2 b5 15.
Nd2 Qxa2 16. Bxc4 bxc4 17. Ra3 Qc2 18. Qxc4 O-O 19. Ra2 Qxa2 20. Qxa2 a5 21. c4
Bd7 22. Bb2 a4 23. Bc3 Rfb8 24. Rb1 Kf8 25. Rb2 Rxb2 26. Qxb2 Bc8 27. Qb5 1-0

[Event "Druga liga - Vojvodina 2011"]
[Site "Vrbas"]
[Date "2011.09.30"]
[Round "8"]
[White "Ratkovic, Miloje"]
[Black "Vujacic, Borivoje"]
[Result "1/2-1/2"]
[WhiteElo "2135"]
[BlackElo "2299"]
[PlyCount "20"]
[EventDate "2011.??.??"]
[Source "Perpetual Check"]

1. d4 d5 2. Nf3 Nf6 3. c4 c6 4. Nc3 e6 5. e3 Nbd7 6. Qc2 Be7 7. Be2 dxc4 8.
Bxc4 b5 9. Bd3 Bb7 10. O-O O-O 1/2-1/2

[Event "Druga liga - Vojvodina 2011"]
[Site "Vrbas"]
[Date "2011.10.02"]
[Round "11.1"]
[White "Radlovacki, Jovan"]
[Black "Petakov, Uros"]
[Result "1-0"]
[WhiteElo "2432"]
[BlackElo "2352"]
[PlyCount "57"]
[EventDate "2011.??.??"]
[Source "Perpetual Check"]

1. e4 g6 2. d4 Bg7 3. c3 d6 4. Nf3 Nf6 5. Bd3 Nc6 6. O-O O-O 7. h3 e5 8. Re1
Re8 9. dxe5 dxe5 10. Qc2 Be6 11. Ng5 Qd7 12. Nxe6 Qxe6 13. Nd2 Rad8 14. Bf1 h6
15. b3 Qe7 16. Nf3 a6 17. a4 Na5 18. Ba3 Qd7 19. Rad1 Nc4 20. Rxd7 Nxa3 21. Qb2
Rxd7 22. Qxa3 Bf8 23. Qc1 Bc5 24. Rd1 Rxd1 25. Qxd1 a5 26. Qd3 Re7 27. Qc4 Bb6
28. b4 Kg7 29. bxa5 1-0

[Event "Druga liga - Vojvodina 2011"]
[Site "Vrbas"]
[Date "2011.10.02"]
[Round "11.1"]
[White "Marinovic, Bozidar"]
[Black "Stanojevic, Branko"]
[Result "1/2-1/2"]
[WhiteElo "2405"]
[BlackElo "2282"]
[PlyCount "33"]
[EventDate "2011.??.??"]
[Source "Perpetual Check"]

1. e4 e6 2. d3 c5 3. Nf3 Nc6 4. g3 g6 5. Bg2 Bg7 6. O-O Nge7 7. c3 d5 8. Qe2 h6
9. h4 b6 10. Re1 a5 11. a4 dxe4 12. dxe4 Ba6 13. Qd2 Qc7 14. Bf1 Bxf1 15. Rxf1
O-O 16. Na3 Rfd8 17. Qe2 1/2-1/2

[Event "Druga liga - Vojvodina 2011"]
[Site "Vrbas"]
[Date "2011.10.02"]
[Round "11.1"]
[White "Kovacevic, Dragan"]
[Black "Miranovic, Rajko"]
[Result "1/2-1/2"]
[WhiteElo "2236"]
[BlackElo "2376"]
[PlyCount "28"]
[EventDate "2011.??.??"]
[Source "Perpetual Check"]

1. e4 c5 2. Nf3 d6 3. Nc3 Nf6 4. d4 cxd4 5. Nxd4 Nc6 6. Nxc6 bxc6 7. Be2 g6 8.
O-O Bg7 9. Re1 O-O 10. h3 Rb8 11. Bf3 Nd7 12. Bg4 Nc5 13. Bxc8 Qxc8 14. Qf3 Qa6
1/2-1/2

[Event "Druga liga - Vojvodina 2011"]
[Site "Vrbas"]
[Date "2011.10.02"]
[Round "11.1"]
[White "Kovacevic, Djordje"]
[Black "Jovic, Stevan"]
[Result "1/2-1/2"]
[WhiteElo "2087"]
[BlackElo "2292"]
[PlyCount "22"]
[EventDate "2011.??.??"]
[Source "Perpetual Check"]

1. d4 d5 2. Nf3 c6 3. c3 Bf5 4. Qb3 Qb6 5. Bf4 Nd7 6. Nbd2 Ngf6 7. h3 Ne4 8.
Nxe4 Bxe4 9. Nd2 Bf5 10. e3 f6 11. Nf3 e6 1/2-1/2

[Event "Druga liga - Vojvodina 2011"]
[Site "Vrbas"]
[Date "2011.10.02"]
[Round "11.2"]
[White "Roganovic, Milos"]
[Black "Markovic, Milovan"]
[Result "1-0"]
[WhiteElo "2480"]
[BlackElo "2248"]
[PlyCount "59"]
[EventDate "2011.??.??"]
[Source "Perpetual Check"]

1. e4 d5 2. exd5 Qxd5 3. Nc3 Qd8 4. d4 Nf6 5. Nf3 g6 6. Bc4 Bg7 7. O-O O-O 8.
h3 Nc6 9. Re1 e6 10. Bg5 h6 11. Bh4 Ne7 12. Bg3 a6 13. a4 b6 14. Qe2 Nf5 15.
Be5 Bb7 16. Rad1 Nd6 17. Bd3 a5 18. Bf4 Nf5 19. Bxf5 gxf5 20. Qe3 Kh7 21. Be5
Rg8 22. d5 Qe7 23. Rd4 Qc5 24. dxe6 fxe6 25. Bxf6 Bxf6 26. Rd7+ Kg6 27. Qxe6
Bxf3 28. gxf3 Kh5+ 29. Kf1 Bh4 30. Ne4 1-0

[Event "Druga liga - Vojvodina 2011"]
[Site "Vrbas"]
[Date "2011.10.02"]
[Round "11.2"]
[White "Pezelj, Novak"]
[Black "Sipos, Istvan"]
[Result "1/2-1/2"]
[WhiteElo "2373"]
[BlackElo "2452"]
[PlyCount "49"]
[EventDate "2011.??.??"]
[Source "Perpetual Check"]

1. Nf3 Nf6 2. g3 g6 3. Bg2 Bg7 4. O-O O-O 5. d4 d6 6. Nc3 Nbd7 7. e4 e5 8. dxe5
Nxe5 9. Nxe5 dxe5 10. Be3 Be6 11. Qe2 Qe7 12. Qb5 b6 13. Qxe5 Ng4 14. Nd5 Bxe5
15. Nxe7+ Kg7 16. c3 Nxe3 17. fxe3 Rae8 18. Nc6 Bd7 19. Nb4 h5 20. Rfd1 Ba4 21.
Rd5 c5 22. Nd3 Bc7 23. Nf2 Bc6 24. Rd2 Be5 25. Rad1 1/2-1/2

[Event "Druga liga - Vojvodina 2011"]
[Site "Vrbas"]
[Date "2011.10.02"]
[Round "11.2"]
[White "Ivanovic, Miroslav"]
[Black "Pezelj, Sinisa"]
[Result "0-1"]
[WhiteElo "2177"]
[BlackElo "2146"]
[PlyCount "92"]
[EventDate "2011.??.??"]
[Source "Perpetual Check"]

1. c4 c6 2. Nc3 d6 3. g3 g6 4. Bg2 Bg7 5. Nf3 Nf6 6. O-O O-O 7. Rb1 e5 8. d3
Nh5 9. b4 f5 10. Bb2 Be6 11. b5 Nd7 12. bxc6 bxc6 13. Qa4 Nc5 14. Qc2 g5 15.
Nd2 Rc8 16. Na4 Na6 17. Ba3 f4 18. Ne4 c5 19. Rb7 Rc7 20. Qb3 g4 21. Qb5 Bc8
22. Rxc7 Nxc7 23. Qa5 f3 24. Bh1 Bb7 25. Nac3 Rf5 26. Rb1 Bxe4 27. dxe4 Rf7 28.
Qxa7 Nb5 29. Qxf7+ Kxf7 30. cxb5 Qa5 31. b6 Nf6 32. b7 Nd7 33. Bb2 fxe2 34. f3
h5 35. Nxe2 Qa6 36. Nc3 Qxb7 37. Bg2 Nf6 38. Bf1 gxf3 39. Bc1 Qc6 40. Bc4+ Kg6
41. a4 Qd7 42. a5 Qh3 43. Bf1 f2+ 44. Kxf2 Qxh2+ 45. Bg2 Ng4+ 46. Kf3 Qg1 0-1